000 00762cam a22002172 4500
001 0000023516
005 20151217161203.0
008 130211s xx 000 0 eng d
040 _aKABU
_cKABU
110 2 _aInternational Organization for Standardization [ISO]
_@0000182946
245 1 0 _a!SO 15189 Medical laboratories :
_brequirements for quality and competence /
_cISO.
250 _a3rd ed.
260 _aGeneva :
_bISO,
_c2012.
300 _av, 50 p.
650 0 _aDiagnosis, Laboratory
_xStandards.
_@0000182951
650 0 _aMedical laboratories
_xStandards.
_@0000182952
650 0 _aMedical laboratories
_xQuality control.
_@0000182953
852 1 _9p15456 KES
908 _a130211
950 _@1
999 _c15285
_d15285